[Event "IMSA World Masters Blitz"]
[Site "Hengshui CHN"]
[Date "2019.05.18"]
[Round "20.4"]
[White "Korobov, Anton"]
[Black "Mamedov, Rauf"]
[Result "1-0"]
[WhiteTitle "GM"]
[BlackTitle "GM"]
[WhiteElo "2687"]
[BlackElo "2650"]
[WhiteFideId "14105730"]
[BlackFideId "13401653"]
[EventDate "2019.05.17"]

1. d4 Nf6 2. c4 g6 3. Nc3 Bg7 4. e4 d6 5. Be2 O-O 6. Bg5 Na6 7. Qd2 e5 8. d5 Nc5
9. f3 a5 10. Bd1 c6 11. Nge2 cxd5 12. cxd5 Bd7 13. O-O b5 14. Bc2 Qb6 15. Be3
Rfc8 16. Rfc1 Ne8 17. a3 b4 18. Na4 Qb8 19. Nxc5 dxc5 20. Bd3 Bf8 21. a4 Qb6 22.
b3 f5 23. Rc2 Rc7 24. Rac1 Rac8 25. Kh1 f4 26. Nxf4 exf4 27. Bxf4 Ra7 28. e5 Ng7
29. g4 Be8 30. e6 Rd8 31. Qe3 Be7 32. Bc4 Rd6 33. Be5 g5 34. f4 gxf4 35. Qxf4
Bg6 36. Rf2 Ra8 37. Rcf1 Qd8 38. Qh6 1-0

[Event "IMSA World Masters Blitz"]
[Site "Hengshui CHN"]
[Date "2019.05.18"]
[Round "20.5"]
[White "Vidit, Santosh Gujrathi"]
[Black "Gelfand, Boris"]
[Result "1-0"]
[WhiteTitle "GM"]
[BlackTitle "GM"]
[WhiteElo "2707"]
[BlackElo "2676"]
[WhiteFideId "5029465"]
[BlackFideId "2805677"]
[EventDate "2019.05.17"]

1. d4 Nf6 2. c4 e6 3. g3 Bb4+ 4. Nd2 O-O 5. Bg2 d5 6. Nf3 b6 7. O-O Bb7 8. Ne5
Re8 9. Qc2 Bf8 10. cxd5 exd5 11. Ndf3 h6 12. Bf4 c5 13. Rfd1 Na6 14. Rac1 Qc8
15. h4 Nc7 16. dxc5 bxc5 17. Nd3 Ne6 18. Be5 Nd7 19. b3 Qd8 20. e3 Qb6 21. Ba1
Rac8 22. Nde5 Nxe5 23. Nxe5 d4 24. Qf5 Rc7 25. exd4 cxd4 26. Rxc7 Qxc7 27. Bxb7
Qxb7 28. Qf3 Qc7 29. Qc6 Rc8 30. Qxc7 Rxc7 31. Bxd4 Rc2 32. Bxa7 Rxa2 33. Be3
Rb2 34. Rd3 Nc5 35. Bxc5 Bxc5 36. Rf3 f6 37. Nc4 Rc2 38. h5 Kf7 39. Kg2 Ke6 40.
g4 Ba7 41. Ne3 Bxe3 42. Rxe3+ Kf7 43. Re4 f5 44. Rf4 Rb2 45. Rxf5+ Ke6 46. Rb5
Kf6 47. Kg3 Ke6 48. f3 Kf6 49. Kf4 Rc2 50. Rb6+ Kf7 51. b4 Rc4+ 1-0

[Event "IMSA World Masters Blitz"]
[Site "Hengshui CHN"]
[Date "2019.05.18"]
[Round "20.6"]
[White "Yu, Yangyi"]
[Black "Dominguez Perez, Leinier"]
[Result "1-0"]
[WhiteTitle "GM"]
[BlackTitle "GM"]
[WhiteElo "2739"]
[BlackElo "2750"]
[WhiteFideId "8603820"]
[BlackFideId "3503240"]
[EventDate "2019.05.17"]

1. e4 e5 2. Nf3 Nc6 3. Bb5 Nf6 4. O-O Nxe4 5. Re1 Nd6 6. Nxe5 Be7 7. Bf1 Nxe5 8.
Rxe5 O-O 9. d4 Ne8 10. a4 d5 11. Re1 Bd6 12. c3 c6 13. Nd2 Nf6 14. Nf3 Bf5 15.
Bg5 h6 16. Bh4 Bg4 17. a5 g5 18. Bg3 Bxg3 19. hxg3 Ne4 20. Bd3 Nd6 21. Qd2 Bxf3
22. gxf3 Qf6 23. Kg2 Rfe8 24. Rh1 Kg7 25. Rh5 Rh8 26. b3 Rae8 27. Bc2 Qe7 28.
Rah1 Qf6 29. Qd3 Qg6 30. Qd1 Qf6 31. Bd3 Re7 32. Qc1 Ree8 33. Qa3 Re7 34. Qc5 a6
35. c4 dxc4 36. bxc4 Ree8 37. Qb6 Re7 38. Qc5 Ree8 39. d5 Re5 40. Qd4 cxd5 41.
cxd5 Nf5 42. Bxf5 Rxf5 43. Qd3 Qe5 44. d6 Rf6 45. Rd1 Rd8 46. d7 Qxa5 47. f4 Qf5
48. Qe3 Qg4 49. fxg5 Qxd1 50. gxf6+ Kxf6 51. Rxh6+ Kf5 52. Qf4# 1-0

[Event "IMSA World Masters Blitz"]
[Site "Hengshui CHN"]
[Date "2019.05.18"]
[Round "20.8"]
[White "Le, Quang Liem"]
[Black "Jones, Gawain C B"]
[Result "1-0"]
[WhiteTitle "GM"]
[BlackTitle "GM"]
[WhiteElo "2704"]
[BlackElo "2702"]
[WhiteFideId "12401137"]
[BlackFideId "409561"]
[EventDate "2019.05.17"]

1. e4 e5 2. Nf3 Nc6 3. Bb5 a6 4. Ba4 Nf6 5. O-O b5 6. Bb3 Bc5 7. a4 Rb8 8. c3 d6
9. d4 Bb6 10. a5 Ba7 11. h3 O-O 12. Re1 h6 13. Be3 Ra8 14. Nbd2 Re8 15. Nf1 exd4
16. cxd4 Rxe4 17. Ng3 Re6 18. Bxe6 fxe6 19. Qd2 Ne7 20. Rac1 Ned5 21. Qc2 Bd7
22. Ne4 Rc8 23. Nxf6+ Qxf6 24. Qe4 Be8 25. Bd2 Bf7 26. Rc6 Bb8 27. Rxa6 c6 28.
Rc1 Be8 29. Ra8 Qe7 30. Nh2 Nc7 31. Rxb8 Rxb8 32. Ng4 Nd5 33. Ne3 Nf6 34. Qf3
Qa7 35. Qf4 Rd8 36. Bb4 Qc7 37. a6 e5 38. dxe5 dxe5 39. Qg3 Rd4 40. Ra1 Qa7 41.
Bc3 Ra4 42. Rxa4 bxa4 43. Bxe5 c5 44. Nf5 Kh8 45. Bxf6 gxf6 46. Qd6 Qf7 47. a7
Qxa7 48. Qf8+ Kh7 49. Qxe8 a3 50. bxa3 c4 51. Ne7 Qa8 52. Qg6+ 1-0

[Event "IMSA World Masters Blitz"]
[Site "Hengshui CHN"]
[Date "2019.05.18"]
[Round "21.1"]
[White "Bu, Xiangzhi"]
[Black "Ponomariov, Ruslan"]
[Result "1/2-1/2"]
[WhiteTitle "GM"]
[BlackTitle "GM"]
[WhiteElo "2729"]
[BlackElo "2675"]
[WhiteFideId "8601445"]
[BlackFideId "14103320"]
[EventDate "2019.05.17"]

1. Nf3 Nf6 2. c4 g6 3. g3 Bg7 4. Bg2 O-O 5. O-O c5 6. d4 cxd4 7. Nxd4 Nc6 8. Nc3
Qa5 9. Nb3 Qh5 10. e4 d6 11. Qxh5 Nxh5 12. Rd1 Bxc3 13. bxc3 Bg4 14. f3 Be6 15.
c5 Bxb3 16. axb3 dxc5 17. f4 Rfd8 18. Be3 b6 19. e5 Rxd1+ 20. Rxd1 Rd8 21. Rxd8+
Nxd8 22. Kf2 Kf8 23. Ke2 Ke8 24. Kd3 Kd7 25. Kc4 Ng7 26. Kb5 Kc7 27. g4 f5 28.
exf6 exf6 29. b4 cxb4 30. cxb4 Ne8 31. Kc4 Nc6 32. Bd2 Ne7 33. Bc3 Nd6+ 34. Kd3
f5 35. g5 Kd7 36. h4 Ke6 37. Be5 Nd5 38. b5 Nxb5 39. Bf3 Nd6 40. Bd1 b5 41. Bb3
a5 42. Kd4 Nc4 43. Kc5 a4 44. Ba2 a3 45. Bb3 Nde3 46. Kxb5 Kd5 47. Kb4 Ke4 48.
Bxc4 Ng2 49. Kxa3 Nxf4 50. Bd6 Ng2 51. Bg8 Nxh4 52. Bxh7 f4 53. Kb3 Kf5 54. Kc3
Kxg5 55. Be7+ Kg4 56. Bxh4 Kxh4 57. Bxg6 Kg3 1/2-1/2

[Event "IMSA World Masters Blitz"]
[Site "Hengshui CHN"]
[Date "2019.05.18"]
[Round "21.2"]
[White "Korobov, Anton"]
[Black "Yu, Yangyi"]
[Result "0-1"]
[WhiteTitle "GM"]
[BlackTitle "GM"]
[WhiteElo "2687"]
[BlackElo "2739"]
[WhiteFideId "14105730"]
[BlackFideId "8603820"]
[EventDate "2019.05.17"]

1. d4 Nf6 2. c4 e6 3. Nc3 Bb4 4. e3 O-O 5. Bd3 c5 6. Nf3 d5 7. O-O dxc4 8. Bxc4
Bd7 9. Qe2 Bc6 10. Rd1 cxd4 11. Nxd4 Qe7 12. Bd2 a6 13. e4 Rd8 14. Bg5 h6 15.
Bh4 Bxc3 16. bxc3 g5 17. Bg3 Bxe4 18. f3 Bg6 19. Nxe6 Rxd1+ 20. Rxd1 Nc6 21. Bd6
Qe8 22. Nc5 Qxe2 23. Bxe2 b5 24. Nxa6 Rxa6 25. Bxb5 Rb6 26. c4 Na7 27. Bc5 Rb7
28. Rd8+ Kh7 29. Bd4 Ng8 30. a4 Nxb5 31. cxb5 Bc2 32. a5 Rxb5 33. a6 Ra5 34. a7
Ne7 35. a8=Q Rxa8 36. Rxa8 Bb3 37. Kf2 Nf5 38. Be5 Be6 39. g4 Ng7 40. Kg3 h5 41.
h3 hxg4 42. hxg4 Bd5 43. Kf2 Bxa8 44. Bf6 Kg6 45. Bd8 Ne6 46. Ba5 Nd4 0-1

[Event "IMSA World Masters Blitz"]
[Site "Hengshui CHN"]
[Date "2019.05.18"]
[Round "21.3"]
[White "Cheparinov, Ivan"]
[Black "Andreikin, Dmitry"]
[Result "1/2-1/2"]
[WhiteTitle "GM"]
[BlackTitle "GM"]
[WhiteElo "2667"]
[BlackElo "2722"]
[WhiteFideId "2905540"]
[BlackFideId "4158814"]
[EventDate "2019.05.17"]

1. d4 Nf6 2. c4 e6 3. Nf3 d5 4. Nc3 Nbd7 5. Bf4 dxc4 6. e3 Nd5 7. Bxc4 Nxf4 8.
exf4 Nb6 9. Bd3 g6 10. Qe2 Bg7 11. Rd1 Bd7 12. Be4 c6 13. g3 Nd5 14. O-O O-O 15.
Ne5 Qc7 16. Rc1 Nxc3 17. Rxc3 Rfd8 18. h4 Be8 19. Rd1 Rd6 20. h5 Rad8 21. hxg6
hxg6 22. Rcd3 b6 23. Qc2 c5 24. dxc5 bxc5 25. Rxd6 Rxd6 26. Rxd6 Qxd6 27. Nc4
Qd4 28. b3 Bb5 29. Kg2 Bxc4 30. Qxc4 Qxc4 31. bxc4 f5 32. Bc6 Kf7 33. Kf3 Bd4
34. Ke2 Kf6 35. Be8 g5 36. Bc6 gxf4 37. gxf4 Bb2 38. Bb5 Bc1 39. Kf3 Ke7 40. Bc6
Kd6 41. Be8 Kc7 42. Bf7 Kd7 43. Bg8 Ke7 44. Kg3 Bd2 45. Kf3 Kf6 46. Kg3 Bc1 47.
Kf3 Ba3 48. Kg3 a5 49. Kf3 a4 50. Kg3 Bb2 51. Kf3 a3 52. Kg3 Bc3 53. Kf3 Ba5 54.
Ke3 Bc7 55. Kf3 Bd6 56. Ke3 Bf8 57. Kf3 Bh6 58. Kg3 Ke7 59. Kf3 Bg7 60. Kg3 Bd4
61. Kf3 Kf6 62. Kg3 Ke7 63. Kf3 Kd6 64. Bf7 Ke7 65. Bh5 Bc3 66. Ke3 Bd4+ 67. Kf3
Bc3 68. Ke3 Bd4+ 69. Kf3 Bc3 1/2-1/2

[Event "IMSA World Masters Blitz"]
[Site "Hengshui CHN"]
[Date "2019.05.18"]
[Round "21.4"]
[White "Le, Quang Liem"]
[Black "Rapport, Richard"]
[Result "1/2-1/2"]
[WhiteTitle "GM"]
[BlackTitle "GM"]
[WhiteElo "2704"]
[BlackElo "2736"]
[WhiteFideId "12401137"]
[BlackFideId "738590"]
[EventDate "2019.05.17"]

1. e4 e6 2. d4 d5 3. Nc3 dxe4 4. Nxe4 Bd7 5. Nf3 Bc6 6. Bd3 Nd7 7. O-O Ngf6 8.
Ng3 g6 9. b3 Bg7 10. Ba3 Bf8 11. Bb2 Bg7 12. Qe2 Bxf3 13. Qxf3 c6 14. c4 O-O 15.
Rad1 Re8 16. Rfe1 Qc7 17. Ne2 e5 18. Bb1 exd4 19. Nxd4 h5 20. h3 Rad8 21. Qc3
Qb6 22. Nf3 Rxe1+ 23. Rxe1 Re8 24. Qd2 Rxe1+ 25. Nxe1 Qc7 26. Bd4 Qd6 27. Nf3 c5
28. Be3 Qxd2 29. Nxd2 b6 30. Kf1 Ne8 31. Ke2 Nd6 32. g4 hxg4 33. hxg4 Kf8 34.
Ne4 Nxe4 35. Bxe4 Ke7 36. Kd2 Nf6 37. Bf3 Ne8 38. Kc2 Nd6 39. a3 a5 40. Bd5 Nc8
41. b4 axb4 42. axb4 cxb4 43. Kb3 Bc3 44. Bb7 Nd6 45. Ba6 Ne4 46. Bxb6 Kd6 47.
Bb5 Nc5+ 48. Kc2 Bd4 49. f3 b3+ 50. Kb1 b2 51. Be8 Ke7 52. Ba4 Kd6 53. Bc2 Nb3
54. Bxb3 Bxb6 55. Kxb2 g5 56. Kc2 f6 57. Kd3 Ke5 58. Ba4 Bc5 59. Bb5 Bb6 60. Ba4
Bc5 61. Bb5 Bb6 62. Ba4 1/2-1/2

[Event "IMSA World Masters Blitz"]
[Site "Hengshui CHN"]
[Date "2019.05.18"]
[Round "21.5"]
[White "Vidit, Santosh Gujrathi"]
[Black "Mamedov, Rauf"]
[Result "1/2-1/2"]
[WhiteTitle "GM"]
[BlackTitle "GM"]
[WhiteElo "2707"]
[BlackElo "2650"]
[WhiteFideId "5029465"]
[BlackFideId "13401653"]
[EventDate "2019.05.17"]

1. d4 d5 2. c4 e6 3. Nf3 c5 4. cxd5 exd5 5. Nc3 Nc6 6. dxc5 d4 7. Na4 Bxc5 8.
Nxc5 Qa5+ 9. Qd2 Qxc5 10. e3 dxe3 11. Qxe3+ Qxe3+ 12. Bxe3 Nge7 13. Bc4 Be6 14.
Bxe6 fxe6 15. Ke2 Nd5 16. Rac1 h6 17. Rc4 Kf7 18. Rhc1 Rhd8 19. Bd2 Kg8 20. Re4
Rd6 21. Bf4 Rd7 22. Bg3 Re8 23. a3 Nf6 24. Re3 Nd5 25. Rd3 e5 26. Rdd1 Nf4+ 27.
Kf1 Nd3 28. Ne1 e4 29. Nxd3 exd3 30. Rd2 Red8 31. Rc3 Rd5 32. f3 Kf7 33. Kf2
R8d7 34. Ke3 Re7+ 35. Kf2 Red7 36. Ke3 Re7+ 37. Kf2 Red7 38. Ke3 1/2-1/2

[Event "IMSA World Masters Blitz"]
[Site "Hengshui CHN"]
[Date "2019.05.18"]
[Round "21.7"]
[White "Fedoseev, Vladimir3"]
[Black "Dominguez Perez, Leinier"]
[Result "1-0"]
[WhiteTitle "GM"]
[BlackTitle "GM"]
[WhiteElo "2683"]
[BlackElo "2750"]
[WhiteFideId "24130737"]
[BlackFideId "3503240"]
[EventDate "2019.05.17"]

1. Nf3 d5 2. g3 Nf6 3. Bg2 e6 4. O-O Be7 5. d3 O-O 6. Nbd2 c5 7. e4 Nc6 8. Re1
Qc7 9. e5 Ng4 10. Qe2 Nh6 11. c3 b5 12. Nf1 Nf5 13. h4 b4 14. h5 bxc3 15. bxc3
h6 16. Bf4 Rd8 17. Qd2 Kh7 18. N1h2 Ba6 19. g4 Nh4 20. Nxh4 Bxh4 21. Nf3 Be7 22.
g5 hxg5 23. Nxg5+ Bxg5 24. Bxg5 Rh8 25. c4 dxc4 26. dxc4 Bb7 27. Rab1 Rab8 28.
h6 Nd4 29. hxg7 Bxg2 30. gxh8=Q+ Rxh8 31. Qd3+ Kg8 32. Kxg2 Qc6+ 33. Re4 Rh5 34.
Bf6 Kh7 35. f3 Nf5 36. Rb8 1-0

[Event "IMSA World Masters Blitz"]
[Site "Hengshui CHN"]
[Date "2019.05.18"]
[Round "22.1"]
[White "Ponomariov, Ruslan"]
[Black "Bu, Xiangzhi"]
[Result "1-0"]
[WhiteTitle "GM"]
[BlackTitle "GM"]
[WhiteElo "2675"]
[BlackElo "2729"]
[WhiteFideId "14103320"]
[BlackFideId "8601445"]
[EventDate "2019.05.17"]

1. e4 e5 2. Bc4 Nf6 3. d3 Nc6 4. Nf3 Be7 5. O-O O-O 6. Re1 d6 7. a4 Be6 8. Nbd2
Qd7 9. c3 h6 10. b4 a6 11. Qc2 Rfe8 12. Bxe6 Qxe6 13. Nb3 Bf8 14. h3 d5 15. Bb2
dxe4 16. dxe4 b6 17. b5 axb5 18. axb5 Ne7 19. c4 Ng6 20. Rxa8 Rxa8 21. Nc1 Nd7
22. Nd3 f6 23. Kh2 Bd6 24. g3 Kh8 25. Kg2 Kg8 26. Bc1 Qf7 27. Bd2 Ngf8 28. Nb4
Bxb4 29. Bxb4 Ne6 30. Rd1 Ndc5 31. Rd5 Qg6 32. Bxc5 Nxc5 33. Nd2 Kh7 34. h4 h5
35. Kh2 Ra1 36. Qc3 Re1 37. Qf3 Qg4 38. Qf5+ Qxf5 39. exf5 g6 40. fxg6+ Kxg6 41.
Kg2 Rc1 42. Kf3 Kf5 43. Rd8 Rc3+ 44. Ke2 Ne4 45. Nf1 Rc2+ 46. Ke3 Rxf2 47. Rd1
Ra2 48. Kf3 Ra3+ 49. Ne3+ Rxe3+ 50. Kxe3 Nd6 51. Rc1 Kg4 52. Kf2 f5 53. Kg2 Ne4
54. Re1 Nxg3 55. Rxe5 Ne4 56. Re7 Kxh4 57. Rxc7 Kg4 58. Rg7+ Kf4 59. Rg6 Nd2 60.
Rxb6 Nxc4 61. Rc6 Ne3+ 62. Kf2 Ng4+ 63. Kg1 h4 64. b6 h3 65. b7 1-0

[Event "IMSA World Masters Blitz"]
[Site "Hengshui CHN"]
[Date "2019.05.18"]
[Round "22.3"]
[White "Andreikin, Dmitry"]
[Black "Cheparinov, Ivan"]
[Result "1/2-1/2"]
[WhiteTitle "GM"]
[BlackTitle "GM"]
[WhiteElo "2722"]
[BlackElo "2667"]
[WhiteFideId "4158814"]
[BlackFideId "2905540"]
[EventDate "2019.05.17"]

1. e4 e5 2. Nf3 Nc6 3. Bb5 Nf6 4. O-O Nxe4 5. Re1 Nd6 6. Nxe5 Be7 7. Bf1 Nxe5 8.
Rxe5 O-O 9. d4 Bf6 10. Re1 Re8 11. c3 Rxe1 12. Qxe1 Ne8 13. a4 d5 14. a5 c6 15.
Bf4 Qe7 16. Nd2 Qxe1 17. Rxe1 Kf8 18. Nb3 b6 19. Ra1 Bb7 20. Nd2 Be7 21. Re1 Rd8
22. Ra1 Bd6 23. Bg5 Ra8 24. Bd3 h6 25. Bh4 Nc7 26. Bg3 Bxg3 27. hxg3 Ba6 28.
Bxa6 Nxa6 29. Nf3 f6 30. Nh4 b5 31. b4 Re8 32. Kf1 h5 33. Ng6+ Kf7 34. Nf4 g6
35. f3 Nc7 36. Kf2 Ne6 37. Nd3 Ng5 38. Rh1 Re7 39. Nf4 Kg7 40. Nd3 Kf7 41. Nc5
Kg7 42. Nd3 Kf7 43. Nc5 Kg7 44. Nd3 1/2-1/2

[Event "IMSA World Masters Blitz"]
[Site "Hengshui CHN"]
[Date "2019.05.18"]
[Round "22.4"]
[White "Rapport, Richard"]
[Black "Le, Quang Liem"]
[Result "1-0"]
[WhiteTitle "GM"]
[BlackTitle "GM"]
[WhiteElo "2736"]
[BlackElo "2704"]
[WhiteFideId "738590"]
[BlackFideId "12401137"]
[EventDate "2019.05.17"]

1. b3 e5 2. Bb2 Nc6 3. c4 g6 4. g3 Bg7 5. Bg2 f5 6. Nc3 Nf6 7. e3 O-O 8. Nge2
Ne7 9. d4 e4 10. d5 d6 11. h4 Ng4 12. Nf4 Ne5 13. Qc2 a6 14. a4 c5 15. h5 g5 16.
h6 Bh8 17. Nxe4 fxe4 18. Bxe4 gxf4 19. Bxh7+ Kf7 20. gxf4 N5g6 21. Rh5 Bxb2 22.
Qxb2 Ke8 23. Qg7 Nh8 24. O-O-O Nf5 25. Bg6+ Nxg6 26. Qxg6+ Ke7 27. h7 Rh8 28.
Rxf5 Qe8 29. Qg7+ Kd8 30. Rf7 Bg4 31. Qg5+ Kc8 32. Qxg4+ Kb8 33. Qg7 Qc8 34. Rc7
Qxc7 35. Qxh8+ Ka7 36. Qxa8+ 1-0

[Event "IMSA World Masters Blitz"]
[Site "Hengshui CHN"]
[Date "2019.05.18"]
[Round "22.5"]
[White "Mamedov, Rauf"]
[Black "Vidit, Santosh Gujrathi"]
[Result "1-0"]
[WhiteTitle "GM"]
[BlackTitle "GM"]
[WhiteElo "2650"]
[BlackElo "2707"]
[WhiteFideId "13401653"]
[BlackFideId "5029465"]
[EventDate "2019.05.17"]

1. e4 e5 2. Nf3 Nc6 3. Bb5 a6 4. Ba4 Nf6 5. Qe2 b5 6. Bb3 Be7 7. d4 d6 8. c3 O-O
9. O-O Bg4 10. Rd1 exd4 11. cxd4 d5 12. e5 Ne4 13. h3 Bh5 14. Be3 Qd7 15. Nbd2
Nxd2 16. Rxd2 Na5 17. Bd1 Nc4 18. Rc2 Rac8 19. b3 Nxe3 20. Qxe3 Bg6 21. Rd2 Bb4
22. Re2 c5 23. dxc5 d4 24. e6 fxe6 25. Nxd4 Bxc5 26. Qxe6+ Rf7 27. Rc1 Rc7 28.
Rxc5 Rxc5 29. Qe8+ Qxe8 30. Rxe8+ Rf8 31. Rxf8+ 1-0

[Event "IMSA World Masters Blitz"]
[Site "Hengshui CHN"]
[Date "2019.05.18"]
[Round "22.7"]
[White "Dominguez Perez, Leinier"]
[Black "Fedoseev, Vladimir3"]
[Result "0-1"]
[WhiteTitle "GM"]
[BlackTitle "GM"]
[WhiteElo "2750"]
[BlackElo "2683"]
[WhiteFideId "3503240"]
[BlackFideId "24130737"]
[EventDate "2019.05.17"]

1. e4 c5 2. Nf3 d6 3. Bb5+ Nd7 4. d4 cxd4 5. Qxd4 a6 6. Bxd7+ Bxd7 7. Nc3 e5 8.
Qd3 h6 9. Nd2 Nf6 10. Nc4 Be6 11. Ne3 Rc8 12. O-O Be7 13. Rd1 O-O 14. a4 Rc6 15.
Bd2 Qb8 16. a5 Bd8 17. Na4 Nh5 18. c4 Nf4 19. Qf1 Bg5 20. Nb6 Qd8 21. Ned5 Ng6
22. Bxg5 Qxg5 23. Nb4 Rc7 24. Rxd6 Nf4 25. Ra3 Bxc4 26. Nxc4 Rxc4 27. Rg3 Qe7
28. Qxc4 Qxd6 29. Nd5 Rd8 30. h3 Nxd5 31. Rd3 Qc6 32. Qb3 Qc5 33. Rxd5 Rxd5 34.
exd5 Qb5 35. Qd1 Kf8 36. d6 Ke8 37. Qg4 Qd7 38. Qb4 Qc6 39. Kh2 g6 40. Qh4 Qxd6
41. Qxh6 Qc5 42. Qh8+ Ke7 43. Qh4+ Kd7 44. b4 Qd4 45. Qf6 Qf4+ 46. Qxf4 exf4 47.
g3 fxg3+ 48. fxg3 Kc6 49. h4 f5 50. g4 fxg4 51. Kg3 Kb5 52. Kxg4 Kxb4 53. Kg5
Kxa5 54. Kxg6 b5 55. h5 b4 56. h6 b3 57. h7 b2 58. h8=Q b1=Q+ 59. Kg5 Qe4 60.
Qc3+ Kb5 61. Qb3+ Qb4 62. Qd3+ Qc4 63. Qb1+ Kc5 64. Qg1+ Kc6 65. Qa1 Kb5 66.
Qb1+ Kc5 67. Qg1+ Kd6 68. Qh2+ Kc6 69. Qh6+ Kb5 70. Kf5 a5 71. Qd2 a4 72. Qb2+
Qb4 73. Qe2+ Qc4 74. Qb2+ Kc6 75. Ke5 Qb5+ 76. Qxb5+ Kxb5 77. Kd4 Kb4 0-1